000 00619nam a2200241Ia 4500
003 OSt
005 20221005121034.0
006 a|||||r|||| 00| 0
007 ta
008 221004b |||||||| |||| 00| 0 eng d
024 _a59309
037 _cTextual
040 _aCRL
_cCRL
_beng
041 _2eng
_aeng
082 _aV2:25xM69:9, H92
100 _aKrishnamurti Y G
_951120
245 0 _aGandhism will survive
260 _c1949
490 _ain Gandhi's foot-step series; 2
650 _aHISTORY
942 _hV2:25xM69:9, H92
_cTEXL
_2cc
999 _c1039898
_d1039898